| 000 | 00517nam a22001937a 4500 | ||
|---|---|---|---|
| 003 | OSt | ||
| 005 | 20151216155405.0 | ||
| 008 | 151216b xxu||||| |||| 00| 0 eng d | ||
| 020 | _a0333314891 | ||
| 040 | _cDDC. | ||
| 082 | _a371.2MUS 1982 | ||
| 100 |
_aMusaazi JCS _96434 |
||
| 245 | _aThe Theory and Practice of Educational Administration. | ||
| 260 |
_aLondon; _bMacmillan. _c1982 |
||
| 300 | _a276p; | ||
| 504 | _aincludes notes and index. | ||
| 650 |
_aEducational Administration. _96435 |
||
| 942 |
_2ddc _cSLOAN |
||
| 999 |
_c2903 _d2903 |
||